000 00649nam a22002297a 4500
999 _c8089
_d8089
003 AR-CdUCM
008 190322b ||||| |||| 00| 0 spa d
040 _aMUNICIPALIDAD PROVINCIAL DEL CUSCO
_cBIBLIOTECA MUNICIPAL DEL CUSCO
041 _heng
082 _a818.5 /
_bL37
100 _aLee, Harper
_922852
245 _aMatar un ruiseñor /
260 _aBarcelona :
_bBruguera,
_c1966.
300 _a334 páginas ;
_c12 cm.
505 _aContenido: Novela.
650 _aNovela
_95
650 _aLiteratura
_983
650 _aEstadounidense
_922853
700 _aPorta, Baldomero (traducción)
_922854
942 _2ddc
_cLIBROS
945 _aachl